|
|
|
|
| LEADER |
00000cam a2200000 7i4500 |
| 001 |
0000000860 |
| 005 |
20151222.0 |
| 008 |
070703 |
| 020 |
|
|
|a 9838913693
|
| 020 |
|
|
|a 9838913723(set)
|
| 090 |
0 |
0 |
|a JF
|b CT MAL (400)
|
| 100 |
0 |
|
|a Mohamad Sobri bin Jaafar
|
| 245 |
1 |
0 |
|a Musang berjanggut
|c Mohamad Sobri Jaafar
|
| 260 |
|
|
|a 96793892X
|
| 260 |
|
|
|a Selangor :
|b Penerbitan Orkid ,
|c 2004
|
| 440 |
|
0 |
|a Siri cerita klasik
|
| 500 |
|
|
|a Children ages 7-9 years old (orange)
|
| 650 |
|
0 |
|a Children stories, Malay
|
| 650 |
|
0 |
|a Malay fiction
|
| 999 |
|
|
|a 0000914087
|b Book
|c Teenagers
|e Cawangan Bandar Tenggara
|
| 999 |
|
|
|a 0000920514
|b Book
|c Children Collection
|e Cawangan Bukit Gambir
|
| 999 |
|
|
|a 0000920515
|b Book
|c Children Collection
|e Cawangan Bukit Gambir
|
| 999 |
|
|
|a 0000920516
|b Book
|c Children Collection
|e Cawangan Bukit Gambir
|
| 999 |
|
|
|a 0000929674
|b Book
|c Children Collection
|e Cawangan Tangkak
|
| 999 |
|
|
|a 0000960685
|b Book
|c Children Collection
|e Perbadanan Perpustakaan Awam Johor
|
| 999 |
|
|
|a 0000960686
|b Book
|c Children Collection
|e Cawangan Bandar Penawar
|
| 999 |
|
|
|a 0000960687
|b Book
|c Children Collection
|e Perbadanan Perpustakaan Awam Johor
|
| 999 |
|
|
|a 0000960688
|b Book
|c Children Collection
|e Perbadanan Perpustakaan Awam Johor
|